Bracknell Forest Borough Council v Green & Anor (Record no. 81467)
[ view plain ]
| 000 -LEADER | |
|---|---|
| fixed length control field | 02016cab a22002055a 4500 |
| 001 - CONTROL NUMBER | |
| control field | L147285 |
| 008 - FIXED-LENGTH DATA ELEMENTS--GENERAL INFORMATION | |
| fixed length control field | 090424e20090320xxk f v 000 0 eng d |
| 035 ## - SYSTEM CONTROL NUMBER | |
| System control number | (Sirsi) u147285 |
| 041 0# - LANGUAGE CODE | |
| Language code of text/sound track or separate title | eng |
| 245 00 - TITLE STATEMENT | |
| Title | Bracknell Forest Borough Council v Green & Anor |
| Medium | [electronic resource] |
| 260 ## - PUBLICATION, DISTRIBUTION, ETC. | |
| Date of publication, distribution, etc. | 2009 |
| 590 ## - LOCAL NOTE (RLIN) | |
| Local note | [2009] EWCA Civ 238, 20 March 2009. Applications for possession orders should be made as early as possible; delay may mean the order is not granted. The appellant local authority (B) appealed against a decision made by a recorder refusing to grant possession of accommodation occupied by the respondent tenant (G) under the Housing Act S82. G was a secure tenant of a three bedroom house let to him by B. He had succeeded to the tenancy from his mother on her death and had lived in the property for most of his life since birth. The council had a pressing need to house families with children. G refused to move to suitable alternative accommodation, hence the application for a possession order. Held: appeal dismissed. The court had to consider the reasonableness of the decision. Biogen Inc v Medeva Plc applied. The Court ruled that the recorder had taken into account all the factors relevant to the reasonableness of the order and was entitled to conclude that the offer of suitable accommodation was outweighed by the length of G's occupation, his personal and family circumstances, his age and the permanently destabilising effect of a possession order on him. The terms of the Act explicitly envisaged cases where a tenant's personal circumstances might outweigh the pressures of public housing and other factors. |
| 650 24 - SUBJECT ADDED ENTRY--TOPICAL TERM | |
| Topical term or geographic name entry element | HOUSING ACT 1985 S2 |
| 650 24 - SUBJECT ADDED ENTRY--TOPICAL TERM | |
| Topical term or geographic name entry element | BIOGEN INC V MEDEVA PLC |
| 650 24 - SUBJECT ADDED ENTRY--TOPICAL TERM | |
| Topical term or geographic name entry element | CIVIL PROCEDURE RULES 1998 |
| 651 #4 - SUBJECT ADDED ENTRY--GEOGRAPHIC NAME | |
| Geographic name | England and Wales |
| Chronological subdivision | 1543- |
| 690 ## - LOCAL SUBJECT ADDED ENTRY--TOPICAL TERM (OCLC, RLIN) | |
| Topical term or geographic name as entry element | PROPERTY-RESIDENTIAL PROPERTY-RESIDENTIAL LANDLORD AND TENANT-RESIDENTIAL TENANCIES |
| 856 40 - ELECTRONIC LOCATION AND ACCESS | |
| Uniform Resource Identifier | <a href="https://www.bailii.org/ew/cases/EWCA/Civ/2009/238.html/">https://www.bailii.org/ew/cases/EWCA/Civ/2009/238.html/</a> |
| Public note | View the case at: www.bailii.org... |
| 942 ## - ADDED ENTRY ELEMENTS (KOHA) | |
| Suppress in OPAC | 0 |
| Withdrawn status | Lost status | Source of classification or shelving scheme | Damaged status | Not for loan | Home library | Current library | Shelving location | Date acquired | Total Checkouts | Full call number | Barcode | Date last seen | Copy number | Price effective from | Koha item type |
|---|---|---|---|---|---|---|---|---|---|---|---|---|---|---|---|
| Dewey Decimal Classification | Virtual | Virtual | Online | 24/04/2009 | ONLINE PUBLICATION | 147285-1001 | 06/08/2019 | 1 | 06/08/2019 | Law report |